000 00337nam a2200109 4500
999 _c10076
_d10076
008 180731b ||||| |||| 00| 0 eng d
245 _a2016: the emergence of virtual reality in the eyes of a visual artist.
260 _aPhilippines
_bManila Bulletin
_cc2016
300 _apage D2.
650 0 _929756
_aVirtual reality.
942 _2ddc
_cPER